| 000 | 00481nam a2200193Ia 4500 | ||
|---|---|---|---|
| 005 | 20230614102627.0 | ||
| 008 | 131103s9999 xx 000 0 und d | ||
| 020 | _a688044832 | ||
| 040 | _aLoreto College | ||
| 041 | _aEnglish | ||
| 082 |
_aF _bCOS |
||
| 100 | _aCostello,John | ||
| 245 |
_aMask of Treachery _cJohn Costello |
||
| 260 |
_aNew York _bWilliam Morrow & Company,Inc _c1988 |
||
| 300 | _a765 p. | ||
| 650 | _aFiction in English | ||
| 850 | _aLCLIB | ||
| 942 | _cBK | ||
| 999 |
_c15472 _d65951 |
||